| 000 | 00409nam a22001337a 4500 | ||
|---|---|---|---|
| 999 |
_c66669 _d66666 |
||
| 082 | _aR/IMS-20 | ||
| 100 |
_aQurat ul Ain _a15MPE17 |
||
| 245 | _aAutomatic Fault Detection in Power Distribution Network Integrated with Distributed Generation | ||
| 260 |
_aNawabshah _bQUEST _c2019 |
||
| 300 | _a76 | ||
| 700 | _aDepartment of Electrical Engineering | ||
| 856 | _uhttps://tinyurl.com/yckyb77v | ||
| 942 | _cTHESIS | ||